Obras

Đã lưu trong:
Chi tiết về thư mục
Tác giả chính: Torres Quintero, Rafael (Tác giả)
Định dạng: Sách
Ngôn ngữ:Tiếng Tây Ban Nha
Được phát hành: Bogotá Instituto Caro y Cuervo 2004
Loạt:Biblioteca Colombiana, 53
Những chủ đề:
Các nhãn: Thêm thẻ
Không có thẻ, Là người đầu tiên thẻ bản ghi này!

MARC

LEADER 00000cam a2200000 a 4500
001 UCG7729
003 CL-VaPUC
008 110905e20040000CK |||||||||||||||||spa|d
082 0 4 |a 410  |b TOR  |2 21 
100 0 |a Torres Quintero, Rafael  |e author  |9 558243 
245 1 0 |a Obras 
300 |a t 
942 |c BK 
945 |d 20110905 00:00:00  |a dcastane 
260 |a Bogotá  |b Instituto Caro y Cuervo  |c 2004 
500 |a t.3: discursos, reseñas, escritos varios y bibliografía 
650 0 |a Filología   |9 321245 
650 0 |a Lingüística  |9 265068 
650 7 |a TEORIA LINGUISTICA  |2 CL-VaPUC  |9 334835 
650 0 |a Filosofía del lenguaje  |9 257082 
583 |a last modification  |c 20110905 13:21:00  |k Rodrigo Vera 
490 0 |a Biblioteca Colombiana, 53 
999 |c 345499  |d 345497 
952 |0 0  |1 0  |4 0  |6 410_000000000000000_TOR_2004  |7 0  |8 A  |9 444283  |a BIBEDU  |b BIBEDU  |d 2019-11-22  |h t.3  |i 4790545  |o 410 TOR 2004  |p 4790545  |r 2019-11-22  |w 2019-11-22  |y BK  |k LIT